000 01109nam a22002777a 4500
005 20240530110356.0
008 150110s2009 ua g 000 0 ara d
017 _a2009/8486
_bمصر . دار الكتب المصرية
020 _a9773831701
040 _aEG-CaGPL
041 0 _aara
082 0 4 _221
_a341.69\
_bا ط
100 0 _aالسيد مصطفى احمد ابو الخير
245 1 2 _aالطرق القانونية لمحاكمة اسرائيل قادة و افراد فى القانون الدولى بالوثائق /
_cاعداد السيد مصطفى احمد ابو الخير
250 _aط 1
260 _aالقاهرة :
_bايتراك للنشر والتوزيع ،
_c2009
300 _a281 ص ؛
_c24 سم
650 0 4 _aالقانون الدولى
650 0 4 _aالجرائم الدولية
650 0 4 _aجرائم ضد الانسانية
650 0 4 _aاتفاقية جنيف الاولى 1949
650 0 4 _aجرائم الحرب
650 0 4 _aالنزاع العربى الاسرائيلى
942 _2ddc
_cBK
999 _c60165
_d60165